[Event "41st Nezhmetdinov Memorial 2019"]
[Site "Kazan"]
[Date "2019.06.03"]
[Round "4.3"]
[White "Iljiushenok, Ilia"]
[Black "Faizrakhmanov, Ramil"]
[Result "1/2-1/2"]
[WhiteElo "2549"]
[BlackElo "2421"]
[Annotator "TA"]
[PlyCount "47"]
[EventDate "2019.05.31"]
[EventType "swiss"]
[EventCountry "RUS"]
[SourceTitle "playchess.com"]
[Source "ChessBase"]
[SourceQuality "1"]

{[%evp 13,47,21,37,26,31,4,17,22,22,22,16,0,0,0,0,0,0,-16,-9,-16,-11,-18,-20,-18,-22,-14,-13,-28,-27,-32,-19,-19,0,-48,0,-12]} 1. e4 c6 2. d4 d5 3. e5 Bf5 4. Nf3 e6 5. Be2 Ne7 6. O-O c5 7. c4 Nbc6 8. dxc5 {B12: Caro-Kann: Advance Variation} dxc4 9. Qa4 (9. Bxc4 {keeps more tension.} Ng6 10. Be3 Be7 11. Qb3 O-O 12. Be2) (9. Bxc4 Ng6 10. Be3 Be7 11. Nc3 O-O 12. Be2 Qb8 13. Nd2 Rd8 14. f4 Nb4 15. Rc1 b6 {1-0 (42) Harikrishna,P (2729)-Mamedyarov,S (2817) Kolkata 2018}) 9... Qa5 10. Qxa5 Nxa5 11. Na3 {[%cal Bb1a3,Ba3b5,Bb5d6][%mdl 32]} Nd5 12. Bd2 c3 $146 ({Predecessor:} 12... Nc6 13. Nxc4 Bxc5 14. a3 O-O 15. b4 Bd4 {1-0 (40) Erenburg,S (2265)-Galt,A Kazan 1997}) 13. bxc3 Bxc5 14. Nb5 {Threatens to win with c4.} O-O 15. c4 Nb4 16. Nd6 b6 17. Bc3 Nac6 18. Rfd1 Rad8 19. Rd2 h6 20. Rad1 Bc2 21. Rc1 {[#] Black must now prevent a3.} Bh7 22. Rcd1 Bc2 23. Rc1 {a3 is the strong threat.} Bh7 24. Rcd1 {Accuracy: White = 76%, Black = 68%.} 1/2-1/2

[Event "41st Nezhmetdinov Memorial 2019"]
[Site "Kazan"]
[Date "2019.06.03"]
[Round "4.4"]
[White "Nozdrachev, Vladislav"]
[Black "Yatzenko, Anton"]
[Result "1-0"]
[WhiteElo "2481"]
[BlackElo "2354"]
[Annotator "ChessBase"]
[PlyCount "115"]
[EventDate "2019.05.31"]
[EventType "swiss"]
[EventCountry "RUS"]
[SourceTitle "playchess.com"]
[Source "ChessBase"]
[SourceQuality "1"]
[TimeControl "5400+30"]

1. e4 {[%emt 0:00:00]} e5 {[%emt 0:00:00]} 2. Nf3 {[%emt 0:00:00]} Nc6 {[%emt 0:00:00]} 3. Bc4 {[%emt 0:00:00]} Nf6 {[%emt 0:00:00]} 4. d3 {[%emt 0:00:00]} Be7 {[%emt 0:00:02]} 5. O-O {[%emt 0:00:00]} O-O {[%emt 0:00:03]} 6. Re1 {[%emt 0:00:00]} d6 {[%emt 0:00:07]} 7. a4 {[%emt 0:00:00]} Na5 {[%emt 0:00:58]} 8. Ba2 {[%emt 0:00:08]} c5 {[%emt 0:00:03]} 9. Na3 {[%emt 0:04:18]} Nc6 {[%emt 0:04:06]} 10. c3 {[%emt 0:00:53]} h6 {[%emt 0:00:33]} 11. Nc4 {[%emt 0:09:17]} Be6 {[%emt 0:00:37]} 12. Ne3 {[%emt 0:00:46]} Bxa2 {[%emt 0:00:52]} 13. Rxa2 {[%emt 0:00:04]} d5 {[%emt 0:00:05]} 14. Qb3 {[%emt 0:14:21]} Na5 {[%emt 0:08:50]} 15. Qc2 {[%emt 0:00:29]} Nc6 {[%emt 0:02:38]} 16. a5 {[%emt 0:06:46]} Re8 {[%emt 0:01:20]} 17. a6 {[%emt 0:11:14]} b6 {[%emt 0:01:08]} 18. Qb3 {[%emt 0:00:26]} d4 {[%emt 0:03:59]} 19. Nc4 {[%emt 0:00:50]} Bf8 {[%emt 0:01:24]} 20. Qa4 {[%emt 0:09:09]} Rc8 {[%emt 0:02:26]} 21. cxd4 {[%emt 0:01:04]} Nxd4 {[%emt 0:13:01]} 22. Ncxe5 {[%emt 0:00:51]} Nxf3+ {[%emt 0:00:28]} 23. Nxf3 {[%emt 0:00:05]} Qxd3 {[%emt 0:00:15]} 24. e5 {[%emt 0:02:00]} b5 {[%emt 0:01:29]} 25. Qh4 {[%emt 0:08:32]} Nd5 {[%emt 0:04:43]} 26. Qg4 {[%emt 0:00:06]} Re6 {[%emt 0:01:25]} 27. Bxh6 {[%emt 0:02:58]} Qb3 {[%emt 0:05:30]} 28. Raa1 {[%emt 0:00:50]} Qb4 {[%emt 0:00:51]} 29. Re4 {[%emt 0:03:55]} Qxb2 {[%emt 0:01:12]} 30. Rae1 {[%emt 0:00:21]} Nc3 {[%emt 0:03:34]} 31. R4e3 {[%emt 0:00:44]} Rd8 {[%emt 0:06:00]} 32. Bxg7 {[%emt 0:04:56]} Bxg7 {[%emt 0:03:31]} 33. Ng5 {[%emt 0:00:11]} Rg6 {[%emt 0:04:12]} 34. e6 {[%emt 0:01:45]} fxe6 {[%emt 0:06:44]} 35. Qh5 {[%emt 0:00:14]} Rxg5 {[%emt 0:01:05]} 36. Qxg5 {[%emt 0:00:05]} Rf8 {[%emt 0:05:01]} 37. Qg3 {[%emt 0:00:08]} Nd5 {[%emt 0:01:17]} 38. Rxe6 {[%emt 0:01:07]} c4 {[%emt 0:02:34]} 39. R6e5 {[%emt 0:02:57]} Qd4 {[%emt 0:02:27]} 40. h4 {[%emt 0:01:23]} c3 {[%emt 0:02:08]} 41. h5 {[%emt 0:02:00]} Kh8 {[%emt 0:01:30]} 42. R5e4 {[%emt 0:02:32]} Qd2 {[%emt 0:00:49]} 43. Re8 {[%emt 0:01:43]} Qf4 {[%emt 0:01:27]} 44. Rxf8+ {[%emt 0:00:29]} Bxf8 {[%emt 0:00:25]} 45. Qg6 {[%emt 0:00:21]} Qf6 {[%emt 0:02:14]} 46. Qd3 {[%emt 0:00:51]} Nf4 {[%emt 0:02:22]} 47. Qxb5 {[%emt 0:00:38]} c2 {[%emt 0:01:49]} 48. Qc4 {[%emt 0:00:14]} Qg5 {[%emt 0:02:29]} 49. g3 {[%emt 0:00:24]} Nh3+ {[%emt 0:03:23]} 50. Kg2 {[%emt 0:00:36]} Qd2 {[%emt 0:00:03]} 51. Re8 {[%emt 0:00:49]} Qd6 {[%emt 0:01:47]} 52. Qf7 {[%emt 0:02:28]} Nf4+ {[%emt 0:00:27]} 53. gxf4 {[%emt 0:00:05]} Qc6+ {[%emt 0:00:16]} 54. f3 {[%emt 0:00:08]} Qxe8 {[%emt 0:00:13]} 55. Qxe8 {[%emt 0:00:04]} c1=Q {[%emt 0:00:04]} 56. Qxf8+ {[%emt 0:00:03]} Kh7 {[%emt 0:00:03]} 57. Qf7+ {[%emt 0:00:30]} Kh8 {[%emt 0:00:01]} 58. Qxa7 {[%emt 0:00:10]} 1-0

[Event "41st Nezhmetdinov Memorial 2019"]
[Site "Kazan"]
[Date "2019.06.03"]
[Round "4.5"]
[White "Kokarev, Dmitry"]
[Black "Kalegin, Evgenij"]
[Result "1/2-1/2"]
[WhiteElo "2605"]
[BlackElo "2430"]
[Annotator "TA"]
[PlyCount "129"]
[EventDate "2019.05.31"]
[EventType "swiss"]
[EventCountry "RUS"]
[SourceTitle "playchess.com"]
[Source "ChessBase"]
[SourceQuality "1"]

{[%evp 14,129,62,40,41,41,36,36,37,25,29,32,12,12,11,16,12,0,14,18,25,8,2,2,0,0,0,0,0,0,0,0,6,0,11,0,12,0,0,0,0,0,16,0,51,38,41,50,55,55,53,23,21,22,20,21,27,6,21,20,49,31,64,51,72,43,41,50,43,0,0,0,29,18,36,0,0,0,27,29,27,16,13,0,32,0,0,0,0,0,0,0,0,0,0,-30,-19,-29,0,0,8,8,8,8,8,8,8,8,8,8,243,8,8,8,8,8,8,8]} 1. e4 c5 2. Nf3 e6 3. d4 cxd4 4. Nxd4 a6 5. Bd3 Bc5 6. Nb3 Be7 7. Qg4 g6 8. Qe2 d6 {B42: Sicilian: Kan Variation: 5 Bd3} 9. O-O ({Predecessor:} 9. a4 Nc6 10. O-O {1-0 (49) Akopian,V (2667)-Kalegin,E (2464) Golden Sands 2014}) 9... Nd7 $146 (9... Nc6 10. Nc3 b5 11. a4 b4 12. Na2 Bb7 13. a5 Nf6 14. Bh6 Qc7 15. Rfc1 Rg8 16. c3 bxc3 17. Nxc3 {0-1 (36) Erenburg,S (2589)-Caruana,F (2828) chess.com INT 2019}) 10. a4 Ne5 {White is slightly better.} (10... b6 11. Na3 Ne5 12. a5 Nf6 13. axb6 Nxd3 14. Qxd3 Qxb6 15. Bh6 Rg8 16. Nc4 {1-0 (25) Kokarev,D (2595)-Kalegin,E (2433) Kazan 2018}) 11. Na3 Nf6 12. Bh6 Nfg4 13. Bd2 O-O 14. a5 Nxd3 15. cxd3 e5 16. Nc4 Be6 17. d4 Bxc4 18. Qxc4 Rc8 19. Qe2 Qd7 20. f3 Nf6 21. Bc3 Nh5 22. g3 Rfe8 23. Rfd1 Qe6 24. d5 Qh3 25. Ra4 Bd8 26. Rb4 Re7 27. Qg2 Qd7 (27... Qxg2+ {looks sharper.} 28. Kxg2 Rd7 29. Ra4 f5 30. exf5 gxf5 31. f4 Nf6) 28. Ra1 Qe8 (28... f5 $11) 29. Nd2 $14 Rec7 30. Qe2 Qd7 31. Nc4 Rc5 32. Nb6 Bxb6 $1 33. Rxb6 Nf6 34. Rf1 Qc7 35. Kg2 Nd7 36. Rb3 Re8 37. Rf2 Qb8 38. Qe3 Rc7 39. Bb4 Rc4 40. Ba3 Rec8 41. Rc3 (41. h4 {is interesting.} Rc2 42. g4 Rc1 43. Bb4 R1c4 44. Bd2) 41... Rxc3 $1 42. bxc3 Qc7 43. Bb4 Nc5 44. f4 exf4 45. gxf4 Nd7 46. Qd4 f6 47. Rf3 Re8 48. Rf2 Kf7 49. Kf3 h6 50. h4 f5 51. Re2 {aiming for exf5.} fxe4+ 52. Rxe4 {Hoping for h5!} Nf6 53. Rxe8 Nxe8 54. h5 gxh5 55. Qe4 {next Qe6+ is good for White.} Qd7 56. f5 Ng7 $132 {[%mdl 2048] Black has counterplay} 57. Qe6+ $1 Nxe6 58. fxe6+ {[#]} Qxe6 $1 {[%mdl 512]} 59. dxe6+ Kxe6 $11 {[%mdl 4096] Endgame KB-KP} 60. c4 {Threatens to win with Ke4.} h4 61. Be1 {Black must now prevent Ke4.} h3 $2 {[#]} (61... d5 $1 $11 {and Black is okay.}) 62. Bg3 $2 (62. Bf2 $1 $18) 62... d5 {The position is equal.} 63. cxd5+ Kxd5 64. Bf2 {[#]} b6 $1 {[%mdl 512]} 65. Bxb6 {Accuracy: White = 45%, Black = 58%.} (65. axb6 Kc6) 1/2-1/2

[Event "41st Nezhmetdinov Memorial 2019"]
[Site "Kazan"]
[Date "2019.06.03"]
[Round "4.6"]
[White "Yeletsky, Ivan"]
[Black "Pridorozhni, Aleksei"]
[Result "1-0"]
[WhiteElo "2438"]
[BlackElo "2588"]
[Annotator "TA"]
[PlyCount "73"]
[EventDate "2019.05.31"]
[EventType "swiss"]
[EventCountry "RUS"]
[SourceTitle "playchess.com"]
[Source "ChessBase"]
[SourceQuality "1"]

{[%evp 9,73,20,14,18,22,0,0,0,24,0,13,-6,12,12,16,0,10,3,16,10,51,9,28,42,44,48,56,47,86,78,85,75,159,148,177,188,264,270,273,272,277,264,272,254,372,376,389,370,370,368,523,511,604,608,784,586,2314,2306,1672,1668,1409,740,29967,29968,2118,1899]} 1. e4 e5 2. Nf3 Nc6 3. Bb5 Nf6 4. d3 Bc5 5. c3 O-O 6. O-O {C65: Ruy Lopez: Berlin Defence (3...Nf6), unusual lines and 4 0-0 Bc5} Re8 7. b4 Bb6 8. Bc4 {The position is equal.} d6 9. Bg5 $146 ({Predecessor:} 9. a4 a5 10. b5 Ne7 11. Qb3 d5 12. exd5 Nf5 13. Nbd2 Nd6 {½-½ (49) Navara,D (2737)-Rodshtein,M (2687) Czech Republic 2016}) 9... h6 10. Bh4 Qe7 11. Nbd2 Nd8 12. d4 g5 {aiming for ...exd4.} 13. Bg3 Nh5 14. dxe5 Nxg3 15. hxg3 dxe5 16. Bb3 Bg4 17. Nc4 Qf6 18. Qd3 a6 19. Nh2 Bc8 20. Qe2 Ba7 (20... Kg7 $142) 21. Rad1 $16 Nc6 {[#]} 22. Ne3 $1 {[%cal Re3d5] Nd5 is the strong threat.} Ne7 (22... Bb6 $142 23. Nhg4 Bxg4 24. Nxg4 Qg6) 23. Nhg4 $18 Qg7 24. Qf3 {Threatens to win with Nf6+.} Rf8 25. Nf6+ Kh8 26. Nd7 Bxd7 (26... Re8 {was worth a try.} 27. Qxf7 Qxf7 28. Bxf7 Rd8) 27. Rxd7 {[%cal Bd1d7,Bd7c7,Bc7f7][%mdl 96] [#] Double Attack} Bxe3 28. Qxe3 ({Weaker is} 28. fxe3 Nc8 $18) 28... Qf6 29. Rxc7 b5 (29... b6 {keeps fighting.} 30. f4 exf4 31. gxf4 Ng6 32. fxg5 Qxg5 33. Qxg5 (33. Qxb6 Nf4 $16) 33... hxg5 34. Rfxf7 Rxf7 35. Bxf7 Ne5) 30. Qc5 Ng8 31. Rd1 g4 32. Rdd7 {[%cal Rd7f7]} Qg5 33. Rxf7 Rxf7 34. Rxf7 Re8 35. Qc7 {[%csl Gc7][%cal Rf7h7]} Qg6 36. Qd7 Rb8 37. Be6 {Accuracy: White = 86%, Black = 27%.} 1-0

[Event "41st Nezhmetdinov Memorial 2019"]
[Site "Kazan"]
[Date "2019.06.03"]
[Round "4.7"]
[White "Smirnov, Timofey"]
[Black "Tsydypov, Zhamsaran"]
[Result "1-0"]
[WhiteElo "2335"]
[BlackElo "2546"]
[Annotator "TA"]
[PlyCount "80"]
[EventDate "2019.05.31"]
[EventType "swiss"]
[EventCountry "RUS"]
[SourceTitle "playchess.com"]
[Source "ChessBase"]
[SourceQuality "1"]

{[%evp 15,80,17,25,24,25,27,16,29,27,32,35,38,50,16,79,81,111,82,91,98,159,87,254,248,451,323,583,558,744,562,708,664,575,462,416,421,410,405,414,400,510,366,349,341,523,509,509,514,510,412,407,406,421,415,392,278,284,267,427,431,442,440,496,491,701,665,671]} 1. e4 e5 2. Nf3 Nc6 3. Bb5 a6 4. Ba4 Nf6 5. d3 b5 6. Bb3 Bc5 7. O-O d6 8. c3 O-O 9. Bg5 {C78: Ruy Lopez: Archangelsk and Möller Defences} h6 10. Bh4 g5 11. Bg3 {The position is equal.} Bg4 (11... Ba7 12. Nbd2 Na5 13. Bc2 Nh5 14. Kh1 Nc6 15. Bb3 Na5 16. Bc2 Nc6 17. Bb3 Na5 18. Bc2 Nc6 {½-½ (18) Svidler,P (2741)-Ding,L (2759) Shenzhen 2017}) 12. Nbd2 Bb6 13. Re1 Na5 $146 ({Predecessor:} 13... Qd7 14. Nf1 Rae8 15. Ne3 Bh5 16. h4 Bxe3 17. fxe3 {1-0 (40) Ginsburg,G (2514)-Orlov,A (2481) Germany 2007}) 14. Bc2 h5 (14... Nh5 $11 {keeps the balance.}) 15. h4 $16 Nc6 16. Qc1 Nh7 17. hxg5 Kh8 ({Black should play} 17... Nxg5 18. Bh4 f6) 18. d4 (18. Bb3 $142) 18... exd4 $2 {[#]} (18... Nxg5 $16 {keeps fighting.} 19. dxe5 Rg8) 19. e5 $18 Nxe5 $2 (19... Rg8 20. Bxh7 Kxh7) 20. Nxe5 dxe5 $2 (20... Qxg5 21. Nef3 Bxf3) 21. Bxe5+ Kg8 22. g6 fxg6 23. Bb3+ Rf7 24. cxd4 Qd7 25. Bxf7+ Qxf7 26. Ne4 Ba5 27. Re3 Rf8 28. Qc2 Bf5 29. a4 b4 (29... bxa4 $142 30. Qxa4 Bb6) 30. Qe2 h4 31. Nc5 h3 32. Rc1 hxg2 33. Qc4 Bb6 34. Qxf7+ Rxf7 35. Kxg2 a5 36. Na6 Bc8 (36... Nf6 $142 37. Rh1 (37. Nxc7 Ng4 $16) 37... Kf8 38. Rh8+ Kg7) 37. Nxc7 {White is clearly winning.} Bb7+ 38. Kg3 Ng5 {If only Black now had time for ...Ne4+....} 39. Ne8 Rf8 (39... Ne4+ $142 40. Rxe4 {[%mdl 64] Remove Defender} Bxe4 41. Nf6+ Rxf6) 40. Nf6+ Kf7 {Accuracy: White = 73%, Black = 36%.} 1-0

[Event "41st Nezhmetdinov Memorial 2019"]
[Site "Kazan"]
[Date "2019.06.03"]
[Round "4.8"]
[White "Frolyanov, Dmitry"]
[Black "Pershin, Denis"]
[Result "1-0"]
[WhiteElo "2538"]
[BlackElo "2407"]
[Annotator "TA"]
[PlyCount "47"]
[EventDate "2019.05.31"]
[EventType "swiss"]
[EventCountry "RUS"]
[SourceTitle "playchess.com"]
[Source "ChessBase"]
[SourceQuality "1"]

{[%evp 13,47,-17,33,45,55,55,66,49,65,53,211,197,184,96,114,110,95,114,133,144,133,107,152,161,218,215,554,559,558,558,556,540,519,543,527,464]} 1. d4 d5 2. c4 e6 3. Nf3 Nf6 4. g3 Bb4+ 5. Nc3 dxc4 6. Bg2 O-O 7. O-O c5 8. dxc5 {E20: Nimzo-Indian: 4 g3 and 4 f3} Nbd7 9. Nd2 $146 ({Predecessor:} 9. Qd4 Qc7 10. Qxc4 Qxc5 11. Qb3 Qe7 12. Rd1 h6 13. Bf4 Bc5 14. Na4 e5 15. Bd2 e4 {½-½ (80) Ernst,S (2555)-Beerdsen,T (2454) Apeldoorn 2018}) 9... Nxc5 10. Nxc4 {White is slightly better.} Bd7 11. Be3 {a3 is the strong threat.} Rc8 $2 {[#]} (11... Qe7 $14) 12. Nd6 $18 Rc7 13. Ncb5 (13. a3 $18 Bxc3 14. Bxc5 (14. bxc3 Ba4 $15)) 13... Bxb5 $16 14. Nxb5 Rd7 15. Qc2 $36 {[%mdl 2048] Keeping Black busy.} Na6 16. Rfd1 ({Reject} 16. Nxa7 $6 Ng4 $11) 16... Qa5 17. a4 ({Much less strong is} 17. Nxa7 $6 Bc5 $14) 17... Rxd1+ 18. Rxd1 b6 (18... Be7 {keeps fighting.} 19. Bxb7 Nb4) 19. Nxa7 $18 {[#] Strongly threatening Nc6.} Bc5 $2 (19... Nb8 {is tougher.}) 20. Nc6 {White is clearly winning.} Nb4 21. Qxc5 Qxc5 22. Bxc5 bxc5 23. Nxb4 cxb4 24. a5 {Accuracy: White = 70%, Black = 31%.} 1-0

[Event "41st Nezhmetdinov Memorial 2019"]
[Site "Kazan"]
[Date "2019.06.03"]
[Round "4.9"]
[White "Tunik, Gennady"]
[Black "Moiseenko, Vadim"]
[Result "1/2-1/2"]
[WhiteElo "2373"]
[BlackElo "2525"]
[Annotator "TA"]
[PlyCount "112"]
[EventDate "2019.05.31"]
[EventType "swiss"]
[EventCountry "RUS"]
[SourceTitle "playchess.com"]
[Source "ChessBase"]
[SourceQuality "1"]

{[%evp 9,112,31,21,21,29,45,54,29,30,24,29,0,0,0,0,0,0,0,0,-8,0,0,0,0,0,0,0,0,0,0,0,0,0,0,0,0,0,0,0,0,0,0,0,0,0,0,0,0,0,0,0,0,0,0,0,0,0,0,0,0,0,0,0,0,0,0,0,0,0,0,0,0,8,6,8,8,77,74,102,113,202,180,185,150,200,190,204,197,182,192,193,10,13,0,19,0,0,0,0,0,0,0,0,0,0]} 1. d4 d5 2. c4 e6 3. Nf3 a6 4. cxd5 exd5 5. Nc3 c6 (5... h6 6. Bf4 Nf6 7. e3 Bd6 8. Bxd6 Qxd6 9. Qc2 O-O 10. Bd3 Re8 11. h3 Be6 12. O-O Nbd7 13. a4 {½-½ (40) Shankland,S (2725)-Carlsen,M (2835) Wijk aan Zee 2019}) 6. Bf4 {D31: Queen's Gambit Declined: Semi-Slav without ...Nf6 (+ Marshall Gambit and Noteboom) and Exchange Variation lines without ...Nf6} Bd6 7. Bxd6 Qxd6 8. e3 {White is slightly better.} Nf6 9. Qc2 Bg4 $146 ({Predecessor:} 9... Nbd7 10. Bd3 O-O 11. O-O Re8 12. h3 Nf8 13. Rab1 Ng6 14. b4 Qe7 15. a4 Ne4 16. b5 axb5 17. axb5 Ng5 18. Nxg5 Qxg5 19. bxc6 bxc6 20. f4 Qf6 21. f5 Nf8 22. Qf2 Ba6 23. Bxa6 Rxa6 {½-½ (40) Bukavshin,I (2502)-Grachev,B (2669) Taganrog 2011}) 10. Be2 Nbd7 11. Nd2 Bxe2 12. Nxe2 O-O 13. O-O Rfe8 14. h3 Ne4 15. Nxe4 Rxe4 16. a4 a5 17. Qc3 Re7 18. Qa3 Qxa3 19. Rxa3 Nb6 20. b3 Nc8 21. Ra2 Nd6 22. Rc2 f6 23. Nf4 Kf7 24. Nd3 g5 25. Re1 Kg6 26. g3 Nf5 27. Kf1 Kf7 28. Rce2 Rae8 29. Rd2 h6 30. Rde2 Ke6 31. Rb2 Nd6 32. Nc5+ Kf5 33. Nd3 Ne4 34. Rc2 Ke6 35. Nc5+ Kd6 36. Nxe4+ Rxe4 $11 {[%mdl 4096] Endgame KRR-KRR} 37. b4 axb4 38. Rb1 f5 39. Rxb4 R8e7 40. Kg2 f4 41. exf4 gxf4 42. g4 Re1 (42... h5 $11) 43. Rcb2 $16 Rd1 44. a5 Ree1 (44... Rf7 $16 {keeps fighting.}) 45. Rxb7 $18 Rg1+ 46. Kf3 Rd3+ 47. Kxf4 Rxd4+ {[#]} 48. Kf5 $1 {And now Rh7 would win.} Ra4 49. Rh7 d4 50. Ke4 $2 (50. Rxh6+ $18 Kd5 51. Re6) 50... Re1+ $11 {The position is equal.} 51. Kd3 Re6 52. a6 Rxa6 53. Kxd4 Ra3 54. Rh8 Rxh3 55. Rd8+ Kc7 56. Rbb8 Rf3 {Accuracy: White = 81%, Black = 75%.} 1/2-1/2

[Event "41st Nezhmetdinov Memorial 2019"]
[Site "Kazan"]
[Date "2019.06.03"]
[Round "4.10"]
[White "Khanin, Semen"]
[Black "Anikonov, Dmitry"]
[Result "1-0"]
[WhiteElo "2529"]
[BlackElo "2372"]
[Annotator "TA"]
[PlyCount "43"]
[EventDate "2019.05.31"]
[EventType "swiss"]
[EventCountry "RUS"]
[SourceTitle "playchess.com"]
[Source "ChessBase"]
[SourceQuality "1"]

{[%evp 9,43,33,47,31,41,37,41,54,52,47,142,102,104,102,113,120,166,95,104,93,109,95,101,99,252,73,80,81,76,58,47,0,0,-27,395,389]} 1. e4 Nc6 2. Nf3 d6 3. d4 Nf6 4. Nc3 g6 5. Be3 Bg7 6. Qd2 {B06: Modern Defence} (6. d5 Nb8 7. Qd2 c6 8. Be2 O-O 9. O-O cxd5 10. exd5 b6 11. Bh6 Bb7 12. Bxg7 Kxg7 13. Nd4 a6 {½-½ (30) Aronian,L (2797)-Nakamura,H (2781) Caleta 2018}) 6... a6 7. d5 Nb8 8. Bh6 {White is slightly better.} O-O 9. h4 Bg4 (9... Bxh6 $14 10. Qxh6 Ng4) 10. Nd4 $146 ({Predecessor:} 10. Nh2 Bd7 11. Be2 b5 12. f3 b4 13. Nd1 c5 {0-1 (31) Borisek,J (2584)-Lagarde,M (2604) chess.com INT 2019}) 10... c5 11. Nde2 b5 12. f3 {Black must now prevent Bxg7.} b4 {[#]} 13. Bxg7 ({Worse is} 13. fxg4 Bxh6 14. Qxh6 bxc3 $11) ({Better is} 13. Nd1 $1 $18) 13... bxc3 $16 14. Qh6 cxb2 {[#]} 15. Rb1 $1 Qa5+ 16. Kf2 Re8 $2 (16... Nbd7 $16) 17. h5 $2 ({Less strong is} 17. Rxb2 Nbd7 $14) (17. Bxf6 $18 exf6 18. h5 (18. fxg4 Nd7 $16)) 17... Nbd7 {[%cal Rg4h5]} 18. hxg6 fxg6 19. Rxb2 $40 {[%mdl 128] aiming for Rb7. White attacks.} Rab8 $1 {[%cal Rb8b2]} 20. Rxb8 Rxb8 21. Ng3 {Threatens to win with Bxf6.} Qc3 $2 {[%mdl 8192] [#]} (21... Rb1 $11 22. Bc4 Rxh1 23. Nxh1 Qa4) 22. Qxh7+ $1 {[%mdl 576] Pin. Accuracy: White = 52%, Black = 36%.} 1-0

[Event "41st Nezhmetdinov Memorial 2019"]
[Site "Kazan"]
[Date "2019.06.04"]
[Round "5.1"]
[White "Usmanov, Vasily"]
[Black "Nozdrachev, Vladislav"]
[Result "0-1"]
[WhiteElo "2449"]
[BlackElo "2481"]
[Annotator "TA"]
[PlyCount "88"]
[EventDate "2019.05.31"]
[EventType "swiss"]
[EventCountry "RUS"]
[SourceTitle "playchess.com"]
[Source "ChessBase"]
[SourceQuality "1"]

{[%evp 19,243,30,20,0,0,0,0,-9,26,23,21,11,31,0,0,0,0,0,59,67,31,28,32,43,64,25,22,20,13,0,14,0,0,0,0,0,35,0,0,-19,-19,-19,-19,-110,-111,-183,-185,-181,-111,-101,-104,-85,-71,-195,-196,-381,-195,-339,-206,-252,-252,-245,-252,-245,-245,-244,-239,-234,-225,-225,-202,-214,-195,-187,-187,-191,-156,-156,-133,-156,-156,-156,-138,-138,-138,-138,-134,-139,0,-134,-50,-50,-50,-77,-77,-77,-72,-77,-77,-139,-77,-139,-134,-134,-134,-134,-134,-134,-134,-134,-134,-134,-72,-134,-134,-124,-13,-88,-14,-113,-14,-113,-8,-36,-36,-37,-37,-58,-57,-56,-56,-78,-79,-83,-58,-58,-27,-79,-59,-77,-55,-79,-74,-79,-43,-44,-44,-43,-43,-46,-45,-66,-42,-73,-52,-70,-70,-77,-77,-77,-71,-76,-43,-126,-126,-126,-27,-85,-74,-85,-85,-1429,-1306,-1266,-1203,-1061,-941,-1625,-1581,-1904,-1459,-4216,-1844,-1415,-425,-3238,-3286,-3168,-2687,-1152,-65,-29947,-29944,-29938,-29941,-29964,-29965,-10907,-8115,-29956,-1546,-29957,-29961,-29963,-78,-78,0,-29961,-29964,-29959,-29960,-29965,-29967,-29968,-29970,-29970,-29972,-29972,-29970,-29972,-29965,-29976,-29976,-29979,-29979,-29989]} 1. Nf3 Nf6 2. g3 d5 3. Bg2 e6 4. O-O Be7 5. c4 O-O 6. d4 dxc4 7. Qc2 c6 8. Qxc4 b5 9. Qc2 Bb7 10. Bg5 Nbd7 11. Nbd2 {D30: Queen's Gambit Declined: Systems without Nc3} (11. Ne5 Nxe5 12. dxe5 Nd7 13. Bxe7 Qxe7 14. f4 f6 15. exf6 Nxf6 16. Nd2 e5 17. e3 exf4 18. exf4 Rae8 {½-½ (41) Radjabov,T (2756)-Karjakin,S (2753) Shamkir 2019}) 11... c5 12. Bxf6 gxf6 13. a4 {The position is equal.} Qb6 $146 ({Predecessor:} 13... bxa4 14. Rfd1 a3 15. dxc5 Rc8 16. Rxa3 Rxc5 17. Qa4 f5 18. Qf4 a5 19. Nc4 Be4 20. Nxa5 Qb8 21. Qxb8 Rxb8 22. b3 {½-½ (22) Dzhafarov,K (2296)-Siebarth,M (2162) ICCF email 2015}) 14. axb5 Qxb5 15. Nc4 Rfc8 16. Ra5 Qb4 17. Ra4 Qb5 18. Ra5 Qc6 (18... Qb4 $11) 19. d5 $1 $14 {[%cal Rd5c6]} exd5 20. Ne3 Qe6 21. Nh4 {[%mdl 1024] White has compensation.} Nb6 22. Nhf5 Bf8 23. Rfa1 a6 24. Bh3 Kh8 25. Bg4 d4 26. Nh4 Qc6 {[%csl Gb7][%cal Rc6h1]} ({But not} 26... f5 27. Bxf5 Qc6 28. Neg2 $16) 27. Bf3 Qc7 (27... Qd7 {is interesting.} 28. Bxb7 Qxb7 29. Ng4 Rc6 30. Nf5 Nd7) 28. Bxb7 (28. Ng4 {seems wilder.} Nd7 29. Qf5 Re8 30. Nxf6 Nxf6 31. Qxf6+ Bg7 32. Qg5) 28... Qxb7 29. Nc4 Nxc4 30. Qxc4 {[%cal Ra5a6]} Qxb2 31. Qxf7 (31. Rxa6 $11 Kg8 32. Rxa8 Rxa8 33. Rxa8 Qb1+ 34. Kg2 Qb7+ 35. f3 Qxa8 36. Nf5) 31... Qxe2 $17 32. Rb1 (32. Ng2 $17 {was worth a try.}) 32... Qe7 $19 33. Qc4 Rd8 ({Black should try} 33... Rc6 $19 34. Ng2 Qe6) 34. Rxa6 $17 Rxa6 35. Qxa6 d3 36. Rd1 (36. Nf5 $17 {was the only chance.} Qe5 37. Qa5) 36... d2 $19 37. Kg2 $2 (37. Kf1) 37... Bg7 (37... Qd6 $142 38. Qa4 Bh6) 38. Qa5 (38. Kf1 {was called for.}) 38... Qd6 39. f4 Qd3 40. Nf3 {[%cal Rd1d2]} Qe2+ {[%mdl 64] Double Attack} 41. Kh3 Rf8 42. Rxd2 Qf1+ 43. Rg2 Qxf3 {[%cal Rf3h5]} 44. Qxc5 f5 {Played: Qf3-f1} 0-1